00544nam a2200181 a 45000010010000000030011000100080041000210350026000620820016000881000019001042450020001232600061001436500020002049420012002249520091002369980020003279990015003470000-9136ELIB.Books110520 1988  a(ELIB.Books)0000-9288 a261.2 bBur aBurnett, David aUnearthly Power bNashville: A Division Of Thomas Nelson Publishers c1988 aSocial Theology 2ddccBK 00102ddc4070aKBTSbKBTSd2011-05-20l0p11165r2022-01-22 00:00:00w2022-01-22yBK cbate2011-05-20 c9136d9136